AH International Schools' Libraries

Bedknobs and broomsticks / (Record no. 47784)

MARC details
000 -LEADER
fixed length control field 00350nam a2200121 4500
020 ## - INTERNATIONAL STANDARD BOOK NUMBER
International Standard Book Number 9781510104280
100 ## - MAIN ENTRY--PERSONAL NAME
Personal name Norton, Mary
245 ## - TITLE STATEMENT
Title Bedknobs and broomsticks /
Statement of responsibility, etc Mary Norton & Anthony Lewis
260 ## - PUBLICATION, DISTRIBUTION, ETC. (IMPRINT)
Place of publication, distribution, etc Great Britain
Name of publisher, distributor, etc Orion Children's Books
Date of publication, distribution, etc 2019
300 ## - PHYSICAL DESCRIPTION
Extent 190 p.
Other physical details ill.
Dimensions 20 cm.
650 ## - SUBJECT ADDED ENTRY--TOPICAL TERM
Topical term or geographic name as entry element Juvenille Fiction
9 (RLIN) 85612
942 ## - ADDED ENTRY ELEMENTS (KOHA)
Source of classification or shelving scheme
Koha item type Book
Holdings
Withdrawn status Lost status Source of classification or shelving scheme Damaged status Not for loan Home library Current library Shelving location Date acquired Total Checkouts Full call number Barcode Checked out Date last seen Date checked out Price effective from Koha item type
          Asian Hope Primary Library Asian Hope Primary Library Junior Fiction 11/05/2024 2 J FIC NOR 207150 12/11/2025 09/12/2025 09/12/2025 11/05/2024 Book

For any Logos Library related questions please contact Miss Art at swongnarasuk@asianhope.org.

For any Asian Hope Library related questions please contact Miss Raza at graza@asianhope.org.

Powered by Koha